[Event "DVM U20 2022"]
[Site "Münster GER"]
[Date "2022.12.27"]
[Round "1"]
[White "Weidemann, Jakob"]
[Black "Engel, Luis"]
[Result "0-1"]
[Termination "normal"]
[Board "1.1"]
[BlackTitle "GM"]
[WhiteElo "2169"]
[BlackElo "2555"]
[WhiteClock "00:06:11"]
[BlackClock "00:15:12"]
[WhiteTeam "Schachklub Münster 32 e. V."]
[BlackTeam "Hamburger SK von 1830 eV"]
[PlyCount "76"]
[WhiteFideId "16255470"]
[BlackFideId "12961523"]
[EventCountry "GER"]
[EventRounds "7"]
[EventType "team-swiss"]
[EventDate "2022.12.26"]

1. e4 {[%clk 01:30:56]} {[%emt 00:00:02]} e5 {[%clk 01:30:56]} {[%emt
00:00:06]} 2. Nf3 {[%clk 01:31:16]} {[%emt 00:00:09]} d6 {[%clk 01:31:22]}
{[%emt 00:00:05]} 3. d4 {[%clk 01:31:24]} {[%emt 00:00:21]} exd4 {[%clk
01:31:47]} {[%emt 00:00:06]} 4. Nxd4 {[%clk 01:31:41]} {[%emt 00:00:12]} Nf6
{[%clk 01:32:13]} {[%emt 00:00:05]} 5. Nc3 {[%clk 01:31:45]} {[%emt 00:00:25]}
Be7 {[%clk 01:32:39]} {[%emt 00:00:05]} 6. g3 {[%clk 01:30:30]} {[%emt
00:01:45]} O-O {[%clk 01:32:46]} {[%emt 00:00:23]} 7. Bg2 {[%clk 01:30:42]}
{[%emt 00:00:17]} Re8 {[%clk 01:33:09]} {[%emt 00:00:07]} 8. O-O {[%clk
01:30:53]} {[%emt 00:00:19]} Bf8 {[%clk 01:33:35]} {[%emt 00:00:06]} 9. h3
{[%clk 01:29:51]} {[%emt 00:01:31]} Nbd7 {[%clk 01:32:14]} {[%emt 00:01:51]}
10. Re1 {[%clk 01:27:11]} {[%emt 00:03:10]} c6 {[%clk 01:31:57]} {[%emt
00:00:47]} 11. g4 {[%clk 01:13:54]} {[%emt 00:13:46]} Nb6 {[%clk 01:19:45]}
{[%emt 00:12:43]} 12. Bf4 {[%clk 01:10:41]} {[%emt 00:03:43]} g6 {[%clk
01:13:20]} {[%emt 00:06:55]} 13. Bg3 {[%clk 01:05:54]} {[%emt 00:05:16]} Bg7
{[%clk 01:07:22]} {[%emt 00:06:28]} 14. a4 {[%clk 01:00:21]} {[%emt 00:06:02]}
a5 {[%clk 00:56:13]} {[%emt 00:11:40]} 15. Qd3 {[%clk 00:52:13]} {[%emt
00:08:38]} h5 {[%clk 00:50:53]} {[%emt 00:05:51]} 16. g5 {[%clk 00:47:49]}
{[%emt 00:04:54]} Nfd7 {[%clk 00:51:16]} {[%emt 00:00:07]} 17. Nf3 {[%clk
00:46:25]} {[%emt 00:01:54]} Ne5 {[%clk 00:46:25]} {[%emt 00:05:21]} 18. Nxe5
{[%clk 00:46:42]} {[%emt 00:00:12]} dxe5 {[%clk 00:46:49]} {[%emt 00:00:07]}
19. Qxd8 {[%clk 00:45:32]} {[%emt 00:01:40]} Rxd8 {[%clk 00:47:14]} {[%emt
00:00:04]} 20. Rad1 {[%clk 00:44:27]} {[%emt 00:01:35]} Be6 {[%clk 00:46:47]}
{[%emt 00:00:57]} 21. b3 {[%clk 00:43:28]} {[%emt 00:01:29]} Nd7 {[%clk
00:41:31]} {[%emt 00:05:47]} 22. Bf1 {[%clk 00:33:21]} {[%emt 00:10:36]} Bf8
{[%clk 00:34:13]} {[%emt 00:07:48]} 23. Na2 {[%clk 00:33:10]} {[%emt 00:00:41]}
Rdb8 {[%clk 00:27:42]} {[%emt 00:07:01]} 24. f4 {[%clk 00:29:50]} {[%emt
00:03:50]} exf4 {[%clk 00:25:08]} {[%emt 00:03:05]} 25. Bxf4 {[%clk 00:30:11]}
{[%emt 00:00:09]} Re8 {[%clk 00:25:34]} {[%emt 00:00:04]} 26. Kg2 {[%clk
00:23:18]} {[%emt 00:07:23]} Nc5 {[%clk 00:23:05]} {[%emt 00:02:59]} 27. Nc3
{[%clk 00:22:03]} {[%emt 00:01:44]} Bg7 {[%clk 00:22:39]} {[%emt 00:00:56]} 28.
e5 {[%clk 00:21:06]} {[%emt 00:01:28]} Bf5 {[%clk 00:22:54]} {[%emt 00:00:15]}
29. Rd2 {[%clk 00:16:34]} {[%emt 00:05:01]} Ne6 {[%clk 00:22:22]} {[%emt
00:01:02]} 30. Kf3 {[%clk 00:13:50]} {[%emt 00:03:14]} Bxc2 {[%clk 00:19:03]}
{[%emt 00:03:50]} 31. Bc4 {[%clk 00:13:29]} {[%emt 00:00:50]} Rad8 {[%clk
00:18:21]} {[%emt 00:01:12]} 32. Rxd8 {[%clk 00:13:22]} {[%emt 00:00:37]} Rxd8
{[%clk 00:18:44]} {[%emt 00:00:07]} 33. Ne2 {[%clk 00:10:29]} {[%emt 00:03:23]}
Bxb3 {[%clk 00:18:00]} {[%emt 00:01:15]} 34. Bxe6 {[%clk 00:09:56]} {[%emt
00:01:02]} Bxe6 {[%clk 00:17:57]} {[%emt 00:00:33]} 35. Rb1 {[%clk 00:08:30]}
{[%emt 00:01:56]} Rd3 {[%clk 00:17:34]} {[%emt 00:00:53]} 36. Kf2 {[%clk
00:08:19]} {[%emt 00:00:41]} Rb3 {[%clk 00:16:29]} {[%emt 00:01:35]} 37. Rd1
{[%clk 00:07:33]} {[%emt 00:01:16]} Bd5 {[%clk 00:16:05]} {[%emt 00:00:54]} 38.
Nd4 {[%clk 00:06:11]} {[%emt 00:01:52]} Rb4 {[%clk 00:15:12]} {[%emt 00:01:24]}
0-1

[Event "DVM U20 2022"]
[Site "Münster GER"]
[Date "2022.12.27"]
[Round "1"]
[White "Schröder, Lennart"]
[Black "Holinka, Henning"]
[Result "1-0"]
[Termination "normal"]
[Board "1.3"]
[WhiteElo "2011"]
[BlackElo "2256"]
[WhiteClock "01:12:13"]
[BlackClock "00:54:27"]
[WhiteTeam "Schachklub Münster 32 e. V."]
[BlackTeam "Hamburger SK von 1830 eV"]
[PlyCount "69"]
[WhiteFideId "16222490"]
[BlackFideId "12967084"]
[EventCountry "GER"]
[EventRounds "7"]
[EventType "team-swiss"]
[EventDate "2022.12.26"]

1. d4 {[%emt 0:00:02]} d5 {[%emt 0:00:05]} 2. c4 {[%emt 0:00:15]} e6 {[%emt
0:00:09]} 3. Nf3 {[%emt 0:00:08]} a6 {[%emt 0:00:04]} 4. g3 {[%emt 0:01:26]}
dxc4 {[%emt 0:00:36]} 5. Bg2 {[%emt 0:00:07]} Nc6 {[%emt 0:01:15]} 6. O-O
{[%emt 0:00:49]} Rb8 {[%emt 0:02:06]} 7. e4 {[%emt 0:02:36]} Nf6 {[%emt
0:01:31]} 8. Nc3 {[%emt 0:02:14]} Be7 {[%emt 0:00:54]} 9. d5 {[%emt 0:02:34]}
exd5 {[%emt 0:00:07]} 10. exd5 {[%emt 0:00:56]} Nb4 {[%emt 0:07:17]} 11. Ne5
{[%emt 0:06:32]} Bf5 {[%emt 0:02:59]} 12. a3 {[%emt 0:04:20]} Nd3 {[%emt
0:24:58]} 13. Nxc4 {[%emt 0:02:49]} O-O 14. Be3 Re8 15. Qe2 Qd7 16. Rad1 b5 17.
Na5 Ne5 18. Nc6 Nxc6 19. dxc6 Qe6 20. Bf4 Qb3 21. Qd2 b4 22. Nd5 bxa3 23. Bxc7
Nxd5 24. Bxd5 Qxb2 25. Bxb8 Qxb8 26. Qa5 Bb4 27. Bxf7 Kxf7 28. Qxf5 Kg8 29. Rd7
Bf8 30. Qf7 Kh8 31. c7 Qa8 32. Qxe8 Qxe8 33. Rd8 Qf7 34. c8=Q Kg8 35. Rxf8 1-0

[Event "DVM U20 2022"]
[Site "Münster GER"]
[Date "2022.12.27"]
[Round "1"]
[White "Weihrauch, Jakob"]
[Black "Kamp, Aaron"]
[Result "1-0"]
[Termination "normal"]
[Board "1.4"]
[WhiteElo "2214"]
[BlackElo "1850"]
[WhiteClock "00:44:48"]
[BlackClock "01:21:12"]
[WhiteTeam "Hamburger SK von 1830 eV"]
[BlackTeam "Schachklub Münster 32 e. V."]
[PlyCount "73"]
[WhiteFideId "16210115"]
[BlackFideId "16231120"]
[EventCountry "GER"]
[EventRounds "7"]
[EventType "team-swiss"]
[EventDate "2022.12.26"]

1. e4 {[%emt 0:00:02]} c5 {[%emt 0:00:11]} 2. Nf3 {[%emt 0:00:08]} d6 {[%emt
0:00:07]} 3. d4 {[%emt 0:00:15]} cxd4 {[%emt 0:00:08]} 4. Nxd4 {[%emt 0:00:05]}
Nf6 {[%emt 0:00:08]} 5. Nc3 {[%emt 0:01:27]} g6 {[%emt 0:00:08]} 6. Be3 {[%emt
0:00:05]} Nc6 {[%emt 0:00:07]} 7. f3 {[%emt 0:00:11]} h5 {[%emt 0:00:07]} 8.
Bc4 {[%emt 0:07:46]} Bd7 {[%emt 0:00:13]} 9. Bb3 {[%emt 0:02:31]} Rc8 {[%emt
0:05:14]} 10. Qd2 {[%emt 0:20:46]} Ne5 {[%emt 0:07:51]} 11. Qf2 {[%emt
0:17:58]} Nc4 12. Bxc4 Rxc4 13. Nb3 Bg7 14. Bxa7 O-O 15. O-O b5 16. a3 Qa8 17.
Rfd1 h4 18. h3 Nh5 19. Bd4 Ng3 20. Nd5 Bxd4 21. Nxd4 Qa7 22. Nxe7 Kh7 23. c3
Be6 24. Nec6 Qb6 25. Nb4 Rc5 26. Nd3 Rg5 27. Nxe6 Qxf2 28. Nxf2 fxe6 29. Rxd6
Ne2 30. Kh2 Rg3 31. Nd3 e5 32. Nxe5 Nf4 33. Rd2 Re8 34. Nd3 Ne6 35. Rad1 Rf8
36. Nf2 Nf4 37. Ng4 1-0

[Event "DVM U20 2022"]
[Site "Münster GER"]
[Date "2022.12.27"]
[Round "1"]
[White "Meyer, Emil"]
[Black "Meyling, Lennart"]
[Result "1/2-1/2"]
[Termination "normal"]
[Board "1.5"]
[WhiteElo "1668"]
[BlackElo "2147"]
[WhiteClock "00:28:14"]
[BlackClock "00:52:51"]
[WhiteTeam "Schachklub Münster 32 e. V."]
[BlackTeam "Hamburger SK von 1830 eV"]
[PlyCount "88"]
[WhiteFideId "34625771"]
[BlackFideId "12947130"]
[EventCountry "GER"]
[EventRounds "7"]
[EventType "team-swiss"]
[EventDate "2022.12.26"]

1. e4 {[%clk 01:30:53]} {[%emt 00:00:07]} e5 {[%clk 01:30:48]} {[%emt
00:00:12]} 2. Nf3 {[%clk 01:31:16]} {[%emt 00:00:07]} d6 {[%clk 01:31:11]}
{[%emt 00:00:07]} 3. d4 {[%clk 01:31:17]} {[%emt 00:00:29]} exd4 {[%clk
01:31:33]} {[%emt 00:00:08]} 4. Nxd4 {[%clk 01:31:41]} {[%emt 00:00:06]} Nf6
{[%clk 01:31:54]} {[%emt 00:00:09]} 5. Nc3 {[%clk 01:31:56]} {[%emt 00:00:14]}
Be7 {[%clk 01:32:15]} {[%emt 00:00:10]} 6. Bf4 {[%clk 01:27:45]} {[%emt
00:04:41]} O-O {[%clk 01:32:34]} {[%emt 00:00:11]} 7. Qd2 {[%clk 01:25:57]}
{[%emt 00:02:17]} Nc6 {[%clk 01:32:56]} {[%emt 00:00:09]} 8. O-O-O {[%clk
01:25:14]} {[%emt 00:01:13]} Nxd4 {[%clk 01:33:18]} {[%emt 00:00:07]} 9. Qxd4
{[%clk 01:25:38]} {[%emt 00:00:07]} a6 {[%clk 01:31:58]} {[%emt 00:01:50]} 10.
f3 {[%clk 01:18:56]} {[%emt 00:07:12]} b5 {[%clk 01:31:50]} {[%emt 00:00:37]}
11. g4 {[%clk 01:14:41]} {[%emt 00:04:46]} Be6 {[%clk 01:31:13]} {[%emt
00:01:06]} 12. h4 {[%clk 01:04:57]} {[%emt 00:10:14]} c5 {[%clk 01:29:27]}
{[%emt 00:02:17]} 13. Qe3 {[%clk 00:53:26]} {[%emt 00:12:01]} Qa5 {[%clk
01:16:17]} {[%emt 00:13:40]} 14. Bxd6 {[%clk 00:29:27]} {[%emt 00:24:29]} Bxd6
{[%clk 01:16:16]} {[%emt 00:00:30]} 15. Rxd6 {[%clk 00:29:52]} {[%emt
00:00:05]} b4 {[%clk 01:15:19]} {[%emt 00:01:28]} 16. Nd5 {[%clk 00:28:44]}
{[%emt 00:01:38]} Bxd5 {[%clk 01:14:55]} {[%emt 00:00:54]} 17. exd5 {[%clk
00:27:38]} {[%emt 00:01:36]} Rae8 {[%clk 01:14:21]} {[%emt 00:01:04]} 18. Qd2
{[%clk 00:25:02]} {[%emt 00:03:07]} Qxa2 {[%clk 01:08:48]} {[%emt 00:06:02]}
19. Rxa6 {[%clk 00:25:13]} {[%emt 00:00:19]} Qxd5 {[%clk 01:09:12]} {[%emt
00:00:06]} 20. Qxd5 {[%clk 00:24:58]} {[%emt 00:00:45]} Nxd5 {[%clk 01:09:33]}
{[%emt 00:00:09]} 21. Bd3 {[%clk 00:23:21]} {[%emt 00:02:07]} b3 {[%clk
01:02:14]} {[%emt 00:07:49]} 22. Rd6 {[%clk 00:10:56]} {[%emt 00:12:55]} Nf4
{[%clk 01:00:59]} {[%emt 00:01:45]} 23. Be4 {[%clk 00:09:29]} {[%emt 00:01:58]}
bxc2 {[%clk 00:59:23]} {[%emt 00:02:05]} 24. Kxc2 {[%clk 00:09:36]} {[%emt
00:00:23]} Ne2 {[%clk 00:56:01]} {[%emt 00:03:51]} 25. Rd7 {[%clk 00:09:19]}
{[%emt 00:00:48]} Kh8 {[%clk 00:48:28]} {[%emt 00:08:03]} 26. Ra1 {[%clk
00:09:06]} {[%emt 00:00:42]} Nd4 {[%clk 00:44:45]} {[%emt 00:04:14]} 27. Kd3
{[%clk 00:08:34]} {[%emt 00:01:02]} Rb8 {[%clk 00:44:46]} {[%emt 00:00:28]} 28.
Raa7 {[%clk 00:06:45]} {[%emt 00:02:19]} Rxb2 {[%clk 00:35:47]} {[%emt
00:09:30]} 29. Rxf7 {[%clk 00:06:38]} {[%emt 00:00:37]} Rd8 {[%clk 00:35:51]}
{[%emt 00:00:25]} 30. Rfd7 {[%clk 00:04:33]} {[%emt 00:02:36]} Rbb8 {[%clk
00:35:09]} {[%emt 00:01:11]} 31. Rab7 {[%clk 00:03:59]} {[%emt 00:01:05]} Ne6
{[%clk 00:34:50]} {[%emt 00:00:49]} 32. Rxb8 {[%clk 00:02:37]} {[%emt
00:01:52]} Rxb8 {[%clk 00:35:12]} {[%emt 00:00:07]} 33. h5 {[%clk 00:02:58]}
{[%emt 00:00:10]} h6 {[%clk 00:22:24]} {[%emt 00:13:19]} 34. Ra7 {[%clk
00:03:13]} {[%emt 00:00:14]} Rf8 {[%clk 00:21:03]} {[%emt 00:01:51]} 35. Ra8
{[%clk 00:02:46]} {[%emt 00:00:57]} Rxa8 {[%clk 00:21:13]} {[%emt 00:00:19]}
36. Bxa8 {[%clk 00:03:11]} {[%emt 00:00:05]} g6 {[%clk 00:20:50]} {[%emt
00:00:55]} 37. hxg6 {[%clk 00:02:46]} {[%emt 00:00:55]} Nf4 {[%clk 00:21:04]}
{[%emt 00:00:15]} 38. Kc4 {[%clk 00:03:06]} {[%emt 00:00:11]} Nxg6 {[%clk
00:21:30]} {[%emt 00:00:04]} 39. Kxc5 {[%clk 00:03:16]} {[%emt 00:00:19]} Kg7
{[%clk 00:21:46]} {[%emt 00:00:13]} 40. Be4 {[%clk 00:02:33]} {[%emt 00:01:13]}
Ne5 {[%clk 00:21:39]} {[%emt 00:00:37]} 41. Kd6 {[%clk 00:27:30]} {[%emt
00:05:33]} Nxf3 {[%clk 00:52:02]} {[%emt 00:00:08]} 42. Bxf3 {[%clk 00:27:44]}
{[%emt 00:00:16]} h5 {[%clk 00:52:27]} {[%emt 00:00:05]} 43. g5 {[%clk
00:27:50]} {[%emt 00:00:24]} Kg6 {[%clk 00:52:51]} {[%emt 00:00:06]} 44. Bxh5
{[%clk 00:28:14]} {[%emt 00:00:07]} Kxg5 {[%emt 00:00:05]} 1/2-1/2

[Event "DVM U20 2022"]
[Site "Münster GER"]
[Date "2022.12.27"]
[Round "1"]
[White "Engel, Robert"]
[Black "John, Niklas"]
[Result "1-0"]
[Termination "normal"]
[Board "1.6"]
[WhiteElo "2141"]
[BlackElo "1680"]
[WhiteClock "00:18:41"]
[BlackClock "00:00:59"]
[WhiteTeam "Hamburger SK von 1830 eV"]
[BlackTeam "Schachklub Münster 32 e. V."]
[PlyCount "77"]
[WhiteFideId "12974684"]
[BlackFideId "16234626"]
[EventCountry "GER"]
[EventRounds "7"]
[EventType "team-swiss"]
[EventDate "2022.12.26"]

1. e4 {[%clk 01:30:57]} {[%emt 00:00:02]} c5 {[%clk 01:30:49]} {[%emt
00:00:11]} 2. Nf3 {[%clk 01:31:19]} {[%emt 00:00:08]} d6 {[%clk 01:31:06]}
{[%emt 00:00:13]} 3. d4 {[%clk 01:31:45]} {[%emt 00:00:05]} cxd4 {[%clk
01:31:28]} {[%emt 00:00:07]} 4. Nxd4 {[%clk 01:32:10]} {[%emt 00:00:05]} Nf6
{[%clk 01:31:43]} {[%emt 00:00:15]} 5. f3 {[%clk 01:32:34]} {[%emt 00:00:06]}
g6 {[%clk 01:31:05]} {[%emt 00:01:09]} 6. c4 {[%clk 01:32:54]} {[%emt
00:00:10]} Bg7 {[%clk 01:29:17]} {[%emt 00:02:17]} 7. Nc3 {[%clk 01:33:06]}
{[%emt 00:00:18]} O-O {[%clk 01:29:02]} {[%emt 00:00:45]} 8. Be3 {[%clk
01:32:00]} {[%emt 00:01:37]} Nc6 {[%clk 01:28:13]} {[%emt 00:01:19]} 9. Qd2
{[%clk 01:31:43]} {[%emt 00:00:47]} Nxd4 {[%clk 01:19:11]} {[%emt 00:09:31]}
10. Bxd4 {[%clk 01:32:02]} {[%emt 00:00:12]} Be6 {[%clk 01:17:36]} {[%emt
00:02:05]} 11. Rc1 {[%clk 01:24:49]} {[%emt 00:07:42]} Rc8 {[%clk 01:08:47]}
{[%emt 00:09:18]} 12. b3 {[%clk 01:24:05]} {[%emt 00:01:14]} a6 {[%clk
01:02:37]} {[%emt 00:06:41]} 13. Be2 {[%clk 01:19:37]} {[%emt 00:04:57]} Nd7
{[%clk 00:56:24]} {[%emt 00:06:44]} 14. Be3 {[%clk 01:14:35]} {[%emt 00:05:33]}
Qc7 {[%clk 00:41:52]} {[%emt 00:15:01]} 15. O-O {[%clk 01:12:02]} {[%emt
00:03:03]} Nc5 {[%clk 00:36:49]} {[%emt 00:05:33]} 16. b4 {[%clk 01:06:24]}
{[%emt 00:06:08]} Nd7 {[%clk 00:36:56]} {[%emt 00:00:23]} 17. Nd5 {[%clk
01:05:50]} {[%emt 00:01:05]} Bxd5 {[%clk 00:34:37]} {[%emt 00:02:48]} 18. cxd5
{[%clk 01:03:29]} {[%emt 00:02:51]} Qb8 {[%clk 00:32:07]} {[%emt 00:03:00]} 19.
a4 {[%clk 00:59:09]} {[%emt 00:04:51]} Rxc1 {[%clk 00:23:35]} {[%emt 00:09:01]}
20. Rxc1 {[%clk 00:59:30]} {[%emt 00:00:08]} Rc8 {[%clk 00:23:50]} {[%emt
00:00:16]} 21. Rc2 {[%clk 00:58:16]} {[%emt 00:01:44]} Rc7 {[%clk 00:21:29]}
{[%emt 00:02:51]} 22. Qc1 {[%clk 00:57:17]} {[%emt 00:01:29]} Rxc2 {[%clk
00:21:53]} {[%emt 00:00:06]} 23. Qxc2 {[%clk 00:57:44]} {[%emt 00:00:03]} Qd8
{[%clk 00:18:52]} {[%emt 00:03:30]} 24. g3 {[%clk 00:54:27]} {[%emt 00:03:48]}
h5 {[%clk 00:15:40]} {[%emt 00:03:42]} 25. h4 {[%clk 00:48:26]} {[%emt
00:06:31]} Bf6 {[%clk 00:15:01]} {[%emt 00:01:09]} 26. Kg2 {[%clk 00:47:58]}
{[%emt 00:00:58]} Ne5 {[%clk 00:12:30]} {[%emt 00:03:01]} 27. b5 {[%clk
00:44:28]} {[%emt 00:04:00]} a5 {[%clk 00:06:45]} {[%emt 00:06:15]} 28. b6
{[%clk 00:43:10]} {[%emt 00:01:47]} Kf8 {[%clk 00:01:16]} {[%emt 00:06:00]} 29.
Qc7 {[%clk 00:42:10]} {[%emt 00:01:31]} Qa8 {[%clk 00:00:54]} {[%emt 00:00:51]}
30. Bb5 {[%clk 00:38:25]} {[%emt 00:04:15]} Kg7 {[%clk 00:00:32]} {[%emt
00:00:52]} 31. Bd4 {[%clk 00:35:07]} {[%emt 00:03:49]} Kf8 {[%clk 00:00:31]}
{[%emt 00:00:30]} 32. Bc3 {[%clk 00:33:42]} {[%emt 00:01:55]} Kg7 {[%clk
00:00:31]} {[%emt 00:00:30]} 33. Kf2 {[%clk 00:25:43]} {[%emt 00:08:29]} Kf8
{[%clk 00:00:32]} {[%emt 00:00:30]} 34. Kg2 {[%clk 00:18:56]} {[%emt 00:07:17]}
Kg7 {[%clk 00:00:55]} {[%emt 00:00:07]} 35. Bd4 {[%clk 00:18:13]} {[%emt
00:01:12]} Kf8 {[%clk 00:00:57]} {[%emt 00:00:28]} 36. Bxe5 {[%clk 00:17:55]}
{[%emt 00:00:48]} Bxe5 {[%clk 00:00:31]} {[%emt 00:00:56]} 37. Bc6 {[%clk
00:17:59]} {[%emt 00:00:26]} Qa6 {[%clk 00:00:32]} {[%emt 00:00:30]} 38. Qd8
{[%clk 00:18:17]} {[%emt 00:00:11]} Kg7 {[%clk 00:00:59]} {[%emt 00:00:02]} 39.
Bb5 {[%clk 00:18:41]} {[%emt 00:00:07]} 1-0

[Event "DVM U20 2022"]
[Site "Münster GER"]
[Date "2022.12.27"]
[Round "1"]
[White "Suvorov, Alexander"]
[Black "Runte, Moritz"]
[Result "1/2-1/2"]
[Termination "normal"]
[Board "2.1"]
[WhiteTitle "FM"]
[WhiteElo "2345"]
[BlackElo "2187"]
[WhiteClock "00:04:24"]
[BlackClock "00:10:42"]
[WhiteTeam "Schachgemeinschaft Porz e. V."]
[BlackTeam "Schachverein Hemer 1932"]
[PlyCount "50"]
[WhiteFideId "12977063"]
[BlackFideId "12991449"]
[EventCountry "GER"]
[EventRounds "7"]
[EventType "team-swiss"]
[EventDate "2022.12.26"]

1. d4 {[%clk 01:30:56]} {[%emt 00:00:03]} d5 {[%clk 01:30:51]} {[%emt
00:00:09]} 2. Nf3 {[%clk 01:31:09]} {[%emt 00:00:17]} Nf6 {[%clk 01:31:13]}
{[%emt 00:00:09]} 3. c3 {[%clk 01:31:18]} {[%emt 00:00:21]} e6 {[%clk
01:26:02]} {[%emt 00:05:40]} 4. Bf4 {[%clk 01:31:10]} {[%emt 00:00:38]} Bd6
{[%clk 01:25:09]} {[%emt 00:01:24]} 5. e3 {[%clk 01:31:18]} {[%emt 00:00:22]}
c5 {[%clk 01:23:43]} {[%emt 00:01:56]} 6. Nbd2 {[%clk 01:30:23]} {[%emt
00:01:25]} O-O {[%clk 01:23:42]} {[%emt 00:00:30]} 7. Bd3 {[%clk 01:26:03]}
{[%emt 00:04:51]} b6 {[%clk 01:19:07]} {[%emt 00:05:05]} 8. Bxd6 {[%clk
01:10:17]} {[%emt 00:16:16]} Qxd6 {[%clk 01:19:26]} {[%emt 00:00:10]} 9. Ne5
{[%clk 01:06:57]} {[%emt 00:03:50]} Ba6 {[%clk 01:17:07]} {[%emt 00:02:48]} 10.
Bc2 {[%clk 00:58:35]} {[%emt 00:08:53]} Nc6 {[%clk 01:12:18]} {[%emt 00:05:20]}
11. f4 {[%clk 00:57:08]} {[%emt 00:01:56]} Rac8 {[%clk 01:08:30]} {[%emt
00:04:18]} 12. g4 {[%clk 00:37:25]} {[%emt 00:20:13]} cxd4 {[%clk 01:04:22]}
{[%emt 00:04:38]} 13. exd4 {[%clk 00:37:21]} {[%emt 00:00:35]} Nd7 {[%clk
00:55:46]} {[%emt 00:09:05]} 14. Nxc6 {[%clk 00:27:58]} {[%emt 00:09:53]} Rxc6
{[%clk 00:54:14]} {[%emt 00:02:01]} 15. Qf3 {[%clk 00:27:18]} {[%emt 00:01:11]}
f5 {[%clk 00:36:15]} {[%emt 00:18:30]} 16. g5 {[%clk 00:19:33]} {[%emt
00:08:15]} Rfc8 {[%clk 00:32:06]} {[%emt 00:04:37]} 17. a4 {[%clk 00:12:32]}
{[%emt 00:07:32]} Nf8 {[%clk 00:31:02]} {[%emt 00:01:34]} 18. Kf2 {[%clk
00:04:03]} {[%emt 00:08:59]} Ng6 {[%clk 00:31:11]} {[%emt 00:00:20]} 19. Kg3
{[%clk 00:02:52]} {[%emt 00:01:42]} Rxc3 {[%clk 00:11:27]} {[%emt 00:20:13]}
20. bxc3 {[%clk 00:03:19]} {[%emt 00:00:04]} Rxc3 {[%clk 00:11:48]} {[%emt
00:00:09]} 21. Qxc3 {[%clk 00:03:36]} {[%emt 00:00:13]} Qxf4 {[%clk 00:12:08]}
{[%emt 00:00:09]} 22. Kg2 {[%clk 00:04:02]} {[%emt 00:00:05]} Nh4 {[%clk
00:11:49]} {[%emt 00:00:49]} 23. Kg1 {[%clk 00:04:27]} {[%emt 00:00:05]} Qg4
{[%clk 00:11:40]} {[%emt 00:00:40]} 24. Qg3 {[%clk 00:03:59]} {[%emt 00:00:58]}
Qxd4 {[%clk 00:11:52]} {[%emt 00:00:17]} 25. Qf2 {[%clk 00:04:24]} {[%emt
00:00:05]} Qg4 {[%clk 00:10:42]} {[%emt 00:01:39]} 1/2-1/2